حياة مطران / (Record no. 14444)

MARC details
000 -الفاتح
حقل البيانات ثابتة الطول 01060nam a2200265 i 4500
003 - محدد رقم الضبط
رقم الضبط EG-ScBUE
005 - وقت وتاريخ اخر تعامل مع التسجيلة
رقم الضبط 20240708083955.0
008 - عناصر البيانات ثابتة الطول - معلومات عامة
حقل البيانات ثابتة الطول 100708n19uu xx f b 000 0abara d
040 ## - مصدر الفهرسة
وكالة الفهرسة الأصلية EG-ScBUE
لغة الفهرسة ara
قواعد الوصف rda
وكالة النسخ EG-ScBUE
وكالة التعديل EG-ScBUE
082 04 - رقم تصنيف ديوى العشرى
رقم الطبعة 22
رقم التصنيف 928.15692
رقم المادة ط ن ا
100 1# - المدخل الرئيسى - إسم شخصى
9 (RLIN) 16085
الإسم الشخصى طناحي، طاهر أحمد،
الدور مؤلف.
245 10 - بيان العنوان
العنوان حياة مطران /
بيان المسئوليه,etc بقلم طاهر أحمد الطناحي.
264 #1 - النشر، التوزيع
مكان الناشر او الموزع [مكان النشر غير محدد] :
اسم الناشر او الموزع [اسم الناشر غير محدد]،
تاريخ النشر أو التوزيع [19--؟]
300 ## - الوصف المادى
التعداد 399 صفحة ؛
أبعاد الوعاء 24 سم
336 ## - نوع المحتوى
source rdacontent
Carrier Type Term نص
Content Type Code txt
337 ## - نوع الوسيط
Media Type Term بدون وسيط
source rdamedia
Media Type Code n
338 ## - نوع الحامل أو الناقل
Carrier Type Term مجلد
Carrier Type Code nc
source rdacarrier
504 ## - تبصرة ببليوجرافية
تبصرة ببليوجرافية,الخ يشتمل على إرجاعات ببليوجرافية.
541 ## - تبصرة المصدر المباشر للتزويد
مصدر التزويد ؛ الف باء
طريقة التزويد ؛ شراء
600 17 - المدخل الاضافى بالموضوع-اسم شخصى
9 (RLIN) 15353
الإسم الشخصى مطران، خليل
التواريخ المصاحبة للاسم 1871-1949.
مصدر الرأس أو المصطلح BUEsh
650 #7 - المدخل الاضافى بالموضوع-مصطلح موضوعى
9 (RLIN) 16301
مصطلح موضوعي أو اسم جغرافي كعنصر مدخل الشعراء العرب
التقسيم الفرعي الشكلي تراجم.
مصدر الرأس أو المصطلح BUEsh
650 #7 - المدخل الاضافى بالموضوع-مصطلح موضوعى
مصطلح موضوعي أو اسم جغرافي كعنصر مدخل الشعراء اللبنانيون
التقسيم الفرعي الشكلي تراجم.
مصدر الرأس أو المصطلح BUEsh
655 ## - مصطلح تكشيفى-نوع/شكل
التقسيم الفرعي الشكلي Reading book
942 ## - عناصر المدخل الإضافي( كوها)
مصدر التصنيف او مخطط الترفيف Dewey Decimal Classification
Koha [default] item type Book - Borrowing
Holdings
حالة التراجع حالة الفقد مصدر التصنيف او خطة الترفيف حالة تلف ليس للاعارة مجموعات كوها المكان الدائم المكان الحالي موقع الترفيف تاريخ الاكتساب Source of acquisition رقم الاستدعاء الباركود Date last seen نوع الوعاء
    Dewey Decimal Classification     Alef-Baa Central Library Central Library Second Floor 08/07/2010 Purchase 928.15692 ط ن ا 000021438 15/07/2025 Book - Borrowing